Convergencia y cotidianidad de lo monstruoso, lo absurdo y la mala fe

Сохранить в:
Библиографические подробности
Главный автор: Valverde Brenes, Francisco Javier
Формат:
Язык:Undetermined
Опубликовано: San José, Costa Rica Universidad de Costa Rica, Facultad de Letras, Escuela de Filosofía 1993
Предметы:
Метки: Добавить метку
Нет меток, Требуется 1-ая метка записи!

MARC

LEADER 00000nam a2200000Ia 4500
008 170316s9999 xx 000 0 und d
090 |a TESIS 747 
100 |a Valverde Brenes, Francisco Javier 
245 |a Convergencia y cotidianidad de lo monstruoso, lo absurdo y la mala fe 
260 |a San José, Costa Rica 
260 |b Universidad de Costa Rica, Facultad de Letras, Escuela de Filosofía 
260 |c 1993 
300 |a 137 páginas 
650 |a TRABAJO FINAL DE GRADUACIÓN 
650 |a LICENCIATURA EN FILOSOFÍA 
650 |a LO MONSTRUOSO 
650 |a EL ABSURDO CAMUSIANO 
650 |a SARTRE 
650 |a LO ABSURDO 
650 |a MALA FE 
650 |a TESIS 
999 |c 30366  |d 30366 
040 |a cru BVZT 
942 |c 15 D  |h TESIS 747  |2 z